| 000 | 00714nam a2200253 a 4500 | ||
|---|---|---|---|
| 001 | 33173 | ||
| 003 | BD-RjUL | ||
| 005 | 20211209051948.0 | ||
| 008 | 140430s1967 nyua b 00110 eng d | ||
| 035 | _a(BD-RjUL) 33264 | ||
| 039 | 0 |
_a2 _b3 _c3 _d3 _e3 |
|
| 040 |
_aDLC _cDLC _dBD-RjUL _beng |
||
| 041 | _aeng | ||
| 082 |
_a302 _bBRS 1967 |
||
| 100 | 1 |
_aBruning, James L. _919140 |
|
| 245 | 1 | 0 |
_aSocial psychology / _cBruning, James L. |
| 260 |
_aNew York : _bHarcourt Brace Jovanovich, _cc1967. |
||
| 300 |
_axiv, 785 p. : _bill. ; _c25 cm. |
||
| 504 | _aIncludes index and Bibliography: p. 502-545. | ||
| 650 | 0 |
_aSocial psychology. _9100758 |
|
| 942 |
_2ddc _cBK |
||
| 999 |
_c33173 _d33173 |
||